ბათუმის შოთა რუსთაველის სახელმწიფო უნივერსიტეტის ბიბლიოთეკა

საავტორო უფლებების დაცვა ბიბლიოთეკაში: მეთოდურ-ინსტრუქციული წერილი ბიბლიოთეკების დასახმარებლად (ბიბ.ჩანაწერი № 52823)

000 -LEADER
fixed length control field 01215nam a2200217Ia 4500
001 - CONTROL NUMBER
control field 19853
003 - CONTROL NUMBER IDENTIFIER
control field GE_BSU
008 - FIXED-LENGTH DATA ELEMENTS--GENERAL INFORMATION
fixed length control field 181216s||||||||xx |||||||||||||| ||und||
040 ## - CATALOGING SOURCE
Transcribing agency GE_BSU
245 ## - TITLE STATEMENT
Title საავტორო უფლებების დაცვა ბიბლიოთეკაში: მეთოდურ-ინსტრუქციული წერილი ბიბლიოთეკების დასახმარებლად
245 ## - TITLE STATEMENT
Statement of responsibility, etc. შემდგ. ნ. ქავთარაძე. რედ. გ. თაყნიაშვილი
250 ## - EDITION STATEMENT
Edition statement საქ. პარლ. ილია ჭავჭავაძის სახ. ეროვნული ბიბლ-კა
260 ## - PUBLICATION, DISTRIBUTION, ETC.
Place of publication, distribution, etc. თბილისი
260 ## - PUBLICATION, DISTRIBUTION, ETC.
Date of publication, distribution, etc. 2004
300 ## - PHYSICAL DESCRIPTION
Extent 29გვ.
653 ## - INDEX TERM--UNCONTROLLED
Uncontrolled term ბიბლიოთეკარი
653 ## - INDEX TERM--UNCONTROLLED
Uncontrolled term საავტორო უფლებების დაცვა ბიბლიოთეკაში: მეთოდურ-ინსტრუქციული წერილი ბიბლიოთეკების დასახმარებლად
653 ## - INDEX TERM--UNCONTROLLED
Uncontrolled term ქსეროქსი
942 ## - ADDED ENTRY ELEMENTS (KOHA)
Koha item type წიგნი
ეგზემპლარები
Withdrawn status Lost status Damaged status Not for loan Date acquired Barcode Date last seen Price effective from Koha item type Public note
        2018-12-17 00439 2018-12-17 2018-12-17 წიგნი ქსეროქსი